The noble scholar, jurist, historian


 His Excellency Dr. Abdul Wahhab bin Ibrahim Abu Sulaiman, may Allah have mercy on him.


 He was born in Umm Al-Qura in the year 1356 AH.

علم أصول الفقه وعلم أصول القانون / (Record no. 13774)

MARC details
000 -LEADER
fixed length control field 01024cab a2200217 ab4500
003 - CONTROL NUMBER IDENTIFIER
control field SA-RiAUC
005 - DATE AND TIME OF LATEST TRANSACTION
control field 20251229082519.0
008 - FIXED-LENGTH DATA ELEMENTS--GENERAL INFORMATION
fixed length control field 241124s1984 qa er f0 f2ara c
040 ## - CATALOGING SOURCE
Original cataloging agency SA-RiKSU
Language of cataloging ara
Transcribing agency SA-RiAUC
082 04 - DEWEY DECIMAL CLASSIFICATION NUMBER
Classification number 251
090 ## - LOCALLY ASSIGNED LC-TYPE CALL NUMBER (OCLC); LOCAL CALL NUMBER (RLIN)
Classification number (OCLC) (R) ; Classification number, CALL (RLIN) (NR) 251
Local cutter number (OCLC) ; Book number/undivided call number, CALL (RLIN) ع ب د ب
100 1# - MAIN ENTRY--PERSONAL NAME
Personal name عبد البر، محمد زكي
245 10 - TITLE STATEMENT
Title علم أصول الفقه وعلم أصول القانون /
Statement of responsibility, etc. محمد زكي عبد البر.
300 ## - PHYSICAL DESCRIPTION
Extent 16 صفحة ؛
Dimensions 24 سم.
580 ## - LINKING ENTRY COMPLEXITY NOTE
Linking entry complexity note في : حولية كلية الشريعة والدراسات الإسلامية.
650 #7 - SUBJECT ADDED ENTRY--TOPICAL TERM
Topical term or geographic name entry element أصول الفقه الإسلامي
Form subdivision مقالات ومحاضرات
Source of heading or term aucsh
650 #7 - SUBJECT ADDED ENTRY--TOPICAL TERM
Topical term or geographic name entry element القانون
General subdivision فلسفة
Form subdivision مقالات ومحاضرات
Source of heading or term aucsh
773 0# - HOST ITEM ENTRY
Title حولية كلية الشريعة والدراسات الإسلامية / كلية الشريعة والدراسات الإسلامية، جامعة قطر.
Related parts ع. 3 (1404 هـ. = 1984)، ص. ص. 67-82
942 ## - ADDED ENTRY ELEMENTS (KOHA)
Source of classification or shelving scheme Dewey Decimal Classification
Koha item type Books
Suppress in OPAC No
949 ## - LOCAL PROCESSING INFORMATION (OCLC)
a SA-JeALM
d 241124
u mohamedma123
n 1
Holdings
Withdrawn status Lost status Source of classification or shelving scheme Damaged status Not for loan Home library Current library Date acquired Total checkouts Full call number Barcode Date last seen Price effective from Koha item type
    Dewey Decimal Classification     DR AbdElwahab Library DR AbdElwahab Library 12/29/2025   251 ع ب د ب 000022087 12/29/2025 12/29/2025 Books